000 00289nam a22001337a 4500
008 170608b xxu||||| |||| 00| 0 eng d
020 _a9780195083040
041 _aeng
080 _a327
100 _a18
101 _aSHP
245 _aTALONS OF THE EAGLE
_cSMITH, P.H
942 _2udc
_cBK
999 _c16469
_d16469